00313nam a2200121Ia 4500008004100000082001400041100002200055245003300077260003300110300000900143650001800152700002100170191201s2018 xx 000 0 und d a615.9 KAP aKALE, Shraddha.R  0aPharmacology and Toxicology  bNirarli PubaNew Delhic2018 aMISC aPharmacology  aKALE, Rajendra.R